Search the Library Catalogue
| 000 -LEADER | |
|---|---|
| fixed length control field | 00700nam a2200229Ia 4500 |
| 008 - FIXED-LENGTH DATA ELEMENTS--GENERAL INFORMATION | |
| fixed length control field | 191130s1997##################000#0#eng## |
| 020 ## - INTERNATIONAL STANDARD BOOK NUMBER | |
| ISBN | 9780195632385 |
| 082 ## - DEWEY DECIMAL CLASSIFICATION NUMBER | |
| Classification number | 338.0954 MUK |
| 100 ## - MAIN ENTRY--AUTHOR NAME | |
| Personal name | Mukesh Eswaran |
| 245 ## - TITLE STATEMENT | |
| Title | Why poverty persists in India : framework for understanding the Indian economy |
| Statement of responsibility, etc | Mukesh Eswaran and Ashok Kotwal |
| 260 ## - PUBLICATION, DISTRIBUTION, ETC. (IMPRINT) | |
| Place of publication | Oxford |
| Name of publisher | Oxford University Press |
| Year of publication | 1997 |
| 300 ## - PHYSICAL DESCRIPTION | |
| Number of Pages | 130 p. : ill. ; 22 cm |
| 500 ## - GENERAL NOTE | |
| General note | Includes index |
| 650 ## - SUBJECT ADDED ENTRY--TOPICAL TERM | |
| Topical Term | India - Economic policy - 1991- |
| Topical Term | Poor - India |
| 700 ## - ADDED ENTRY--PERSONAL NAME | |
| Personal name | Ashok Kotwal |
| 991 ## - | |
| -- | 418466 |
| Withdrawn status | Lost status | Damaged status | Not for loan | Home library | Current library | Shelving location | Date acquired | Full call number | Accession Number | Price effective from | Koha item type |
|---|---|---|---|---|---|---|---|---|---|---|---|
| Anna Centenary Library | Anna Centenary Library | 4TH FLOOR, A WING | 09.10.2020 | 338.0954 MUK | 108107 | 09.10.2020 | English Books |